000 00811pam a2200229 a 4500
020 _a0521331587 (hardcover)
020 _a0521337461 (paper)
040 _cDLC
082 0 0 _a330 CAM 1992 A075 Or.
100 1 _aLeonard, Daniel.
245 1 0 _aOptimal control theory and static optimization in economics /
260 _aCambridge ;
_aNew York :
_bCambridge University Press,
_c1992.
300 _ax, 353 p. :
_bill. ;
_c24 cm.
650 0 _aMathematical optimization.
650 0 _aControl theory.
650 0 _aStatics and dynamics (Social sciences)
700 1 _aLong, Ngo van.
856 4 1 _uhttp://www.loc.gov/catdir/samples/cam031/91014126.html
856 4 2 _uhttp://www.loc.gov/catdir/description/cam024/91014126.html
856 4 1 _uhttp://www.loc.gov/catdir/toc/cam025/91014126.html
942 _cEK
999 _c15246
_d15246